[Event "Asgaard Skole"]
[Site "Asgaard Skole"]
[Date "2014.10.14"]
[Round "5.25"]
[White "Nielsen, Kai Gylling"]
[Black "Hein, Jacob"]
[Result "1-0"]
[WhiteElo "1846"]
[BlackElo "1445"]
[PlyCount "55"]
[EventDate "2014.??.??"]
[WhiteTeam "Roskilde Skakklub"]
[BlackTeam "Espergærde Skakklub"]

1. e4 d6 2. d4 g6 3. Nf3 Bg7 4. Be3 c5 5. c3 a6 6. dxc5 Nf6 7. cxd6 exd6 8. h3
Qe7 9. Bd3 Nxe4 10. Qa4+ Bd7 11. Qxe4 Qxe4 12. Bxe4 Nc6 13. Nbd2 O-O 14. O-O
Rae8 15. Rfd1 Kh8 16. Bc2 Rg8 17. Nc4 Bxh3 18. gxh3 Ne5 19. Ncxe5 dxe5 20. Rd7
g5 21. Rxf7 Ref8 22. Nxg5 h6 23. Rxf8 Bxf8 24. Kh1 hxg5 25. Rg1 Be7 26. Rg4 Rg7
27. f4 exf4 28. Bd4 1-0

[Event "Asgaard Skole"]
[Site "Asgaard Skole"]
[Date "2014.10.14"]
[Round "5.26"]
[White "Nielsen, Bjørn"]
[Black "Larsen, Arne Walther"]
[Result "0-1"]
[WhiteElo "1398"]
[BlackElo "1894"]
[PlyCount "68"]
[EventDate "2014.??.??"]
[WhiteTeam "Nørrebro Skakklub"]
[BlackTeam "Hvidovre Skakklub"]

1. Nf3 Nf6 2. d4 g6 3. e3 Bg7 4. Be2 d6 5. Nc3 a6 6. O-O O-O 7. e4 Nbd7 8. Bf4
Nh5 9. Be3 e5 10. d5 Nf4 11. Bc4 b5 12. Bxf4 exf4 13. Bd3 Nc5 14. Re1 Bg4 15.
Be2 b4 16. Nb5 axb5 17. Bxb5 Bxb2 18. Bc6 Ra3 19. Qb1 Bxf3 20. Kh1 Bxg2+ 21.
Kxg2 Qg5+ 22. Kh1 f3 23. Rg1 Qe5 24. c3 Bxc3 25. Bb5 Bxa1 26. Qxb4 Nxe4 27. Qe1
Bd4 28. Qxe4 Qxe4 29. Bc4 Rc3 30. Bb3 Qh4 31. Rg3 Rc1+ 32. Rg1 Rxg1+ 33. Kxg1
Qxf2+ 34. Kh1 Qg1# 0-1